000 01306nam a2200313 i 4500
001 000016694
003 DO-SdBNP
005 20250806081804.0
007 ta
008 100309s1983 dr ad 001 0 spa d
040 _aDO-SdBNP
_bspa
_cBNPHU
_erda
041 _aspa
082 4 _a338.1
_bD542g
_222
100 1 _aDíaz O. , Joaquín,
_eautor
_4aut.
_937046
245 1 3 _aLa generación, transparencia y adopción de tecnología en el sector agropecuario dominicano /
_cJoaquín Díaz O.
264 1 _aSanto Domingo :
_bUASD,
_c1983.
300 _a59 páginas :
_bilustraciones, graficas ;
_c17 cm.
336 _atexto
_btxt
_2rdacontent
337 _asin mediación
_bn
_2rdamedia
338 _avolumen
_bnc
_2rdacarrier
500 _aPonencia presentada en el Congreso Internacional de Sociología Rural, organizado por la Facultad de Ciencias Económicas y Sociales de la UASD y por La Asociación Latinoamericana de Sociología Rural.
500 _aIncluye referencias bibliográficas y notas al pie de las páginas
504 _aBibliografía : páginas 57-59
590 _aInventariado, 2018/LP
650 4 _aInnovaciones agrícolas
_zRepública Dominicana
_937047
710 1 _aUniversidad Autónoma de Santo Domingo
_972951
910 _aValidado. Control de calidad MFF
942 _2ddc
_cLBS1
999 _c16227
_d16227